000 00348nam a22001097a 4500
999 _c13716
_d13716
082 _a297.63
100 _aمحمّد ولی رازی
245 _aہادی عالم صلی الله علیہ وسلم
_bسیرت طیبہ پر پہلی غیر منقوط کتاب
260 _aکراچی
_bدارالعلم
300 _a٤١٦ صفحات
942 _cBK